header

Software design for engineers and scientists (Record no. 246574)

MARC details
000 -LEADER
fixed length control field 01239nam a2200325Ia 4500
100 1# - MAIN ENTRY--AUTHOR NAME
Personal name Robinson, John A.
245 10 - TITLE STATEMENT
Title Software design for engineers and scientists
260 ## - PUBLICATION, DISTRIBUTION, ETC. (IMPRINT)
Place of publication Amsterdam ;
-- Boston :
Name of publisher Newnes,
Year of publication 2004.
300 ## - PHYSICAL DESCRIPTION
Number of Pages xiv, 414 p. :
Other physical details ill.
650 #0 - SUBJECT ADDED ENTRY--TOPICAL TERM
Topical Term Computer software
Topical Term Engineering
Topical Term Computer programming.
Topical Term Software engineering.
856 40 - ELECTRONIC LOCATION AND ACCESS
Uniform Resource Identifier http://site.ebrary.com/lib/rucke/Doc?id=10169675

No items available.

© 2026 Rongo University
Contact us: librarian | system librarian | Rongo university